000 00756nam a2200205Ia 4500
003 LDD
008 190117s9999 xx 000 0 und d
020 _a8187524936
_c₹300
040 _cLDD
041 _ahi
082 _a8H3.7 ला6406द
100 _aलारेंस, डी.एच.
245 0 _aद फर्स्ट लेडी चैटर्ली
_cडी.एच. लारेंस
260 _aमुंबई
_bसंवाद प्रकाशन
_c2006
300 _a239पृ.
440 _aविश्व ग्रंथमाला; आलोक श्रीवास्तव
901 _aVANI
904 _aReqst by : Parakh, Jawarimal (Dr.)
942 _2ddc
_cH
999 _c169008
_d169008